Đê biển và kè mái nghiêng

Αποθηκεύτηκε σε:
Λεπτομέρειες βιβλιογραφικής εγγραφής
Κύριος συγγραφέας: Thiều Quang Tuấn
Μορφή: Βιβλίο
Γλώσσα:Vietnamese
Έκδοση: Xây dựng 2016
Θέματα:
Ετικέτες: Προσθήκη ετικέτας
Δεν υπάρχουν, Καταχωρήστε ετικέτα πρώτοι!
Thư viện lưu trữ: Mạng thư viện Đại học Đà Nẵng
LEADER 00967nam a2200313 a 4500
001 000003154
003 04303
005 20171229145311.0
008 171229s2016 vie
040 |a LSK 
041 0 |a VIE 
082 0 |a 627.58  |b TH-T 
100 1 |a Thiều Quang Tuấn 
245 0 0 |a Đê biển và kè mái nghiêng 
260 |b Xây dựng  |c 2016 
300 |a 178 pages  |c 24 cm. 
653 |a Công trình biển 
852 |a Phòng Đọc - Phòng Mượn 
901 |a 4 
927 |a Sách tham khảo 
OWN |a LSK 
AVA |a UDN50  |b LSK  |d 627.58 TH-T  |e available  |t Error 5001 Not defined in file expand_doc_bib_avail.  |f 4  |g 0  |h N  |i 0  |k 1 
999 |a From the UDN01 
AVA |a UDN50  |b LSK  |d 627.58 TH-T  |e available  |t Error 5001 Not defined in file expand_doc_bib_avail.  |f 4  |g 0  |h N  |i 0  |k 1 
TYP |a Monograph 
TYP |a Printed language 
980 |a Mạng thư viện Đại học Đà Nẵng